| 000 | 01043nam a2200277 a 4500 | ||
|---|---|---|---|
| 001 | 000023134 | ||
| 005 | 20250527121106.0 | ||
| 008 | 101126s1997 mx ad r 001 0 spa d | ||
| 020 | _a968880956X | ||
| 020 | _a0133110362 | ||
| 040 |
_aDO-SdBNP _bspa _cBNPHU |
||
| 082 |
_a657.48 _bC212a |
||
| 100 | 1 |
_aCanada, John R. _947629 |
|
| 245 | 1 | 0 |
_aAnálisis de la inversión de capital para ingeniería y administración / _cJohn R. Canada , William G. Sullivan , John A. White ; traducción Miguel Ángel Martínez Sarmiento. |
| 250 | _a2a ed. | ||
| 260 |
_aMéxico : _bPrentice Hall Hispanoamerica, _c1997. |
||
| 300 |
_axxi, 566 p. : _bil., diag. ; _c23 cm. |
||
| 500 | _aIncluye índice alfabético | ||
| 504 | _aIncluye referencias bibliográficas y notas al pie de las páginas. | ||
| 650 | 0 |
_aContabilidad administrativa _921041 |
|
| 650 | 4 |
_aEconomía industrial _947630 |
|
| 700 | 1 |
_aSullivan, William G. _947631 |
|
| 700 | 1 |
_aWhite, John A. _947632 |
|
| 700 | 1 |
_aMartínez Sarmiento, Miguel Ángel, _etr. _947292 |
|
| 049 | _aBNGR | ||
| 999 |
_c22631 _d22631 |
||